Arreglos florales: embellezca su casa por dentro y por fuera (Registro nro. 2278)

Detalles MARC
000 -Cabecera
Campo de control de longitud fija 00668aam a2200265 4500
005 - Fecha y hora de la última transacción
Campo de control 20240523165109.0
008 - Elementos de longitud fija--Información general
Campo de control de longitud fija 150526b xxu||||| |||| 00| 0 spa d
020 ## - International Standard Book Number
Número Internacional Estándar del Libro (ISBN) 9789898144225
041 ## - Idioma
Código de idioma Español
082 ## - Clasificación Decimal Dewey
Número de clasificación 745.92 A854a
100 ## - Entrada principal--Autor personal
Nombre personal Atiaso, Susana
100 ## - Entrada principal--Autor personal
Nombre personal Sabatke, Joice
245 ## - Título propiamente dicho
Título Arreglos florales: embellezca su casa por dentro y por fuera
260 ## - Pie de imprenta
Nombre del editor, distribuidor, etc. España
260 ## - Pie de imprenta
Nombre del editor, distribuidor, etc. Eurobest
260 ## - Pie de imprenta
Fecha de publicación, distribución, etc. 2008
300 ## - Descripción física
Extensión 128 páginas
650 ## - Materia general
Temática (materia general) DECORACIÓN CON FLORES
650 ## - Materia general
Temática (materia general) ARREGLOS CON FLORES
650 ## - Materia general
Temática (materia general) TIPOS FLORALES
650 ## - Materia general
Temática (materia general) MACETAS
650 ## - Materia general
Temática (materia general) PLANTACIÓN DE FLORES
942 ## - Punto de acceso adicional KOHA
Tipo de ítem KOHA Libro
Fuente del sistema de clasificación o colocación Dewey Decimal Classification
Existencias
Signatura completa Código de barras Programa Académico Tipo de ítem
745.92 A854a 15182 Dirección de Educación Comunitaria y Asistencia Técnica Libro